[Event "35 Andorra Open"]
[Site "Escaldes"]
[Date "2017.07.23"]
[Round "2.3"]
[White "Morros Faura, Ricard"]
[Black "Gozzoli, Yannick"]
[Result "0-1"]
[WhiteElo "2270"]
[BlackElo "2594"]
[PlyCount "116"]
[EventDate "2017.07.22"]
[EventType "swiss"]
[EventRounds "9"]
[EventCountry "AND"]

1. e4 e5 2. Nf3 Nc6 3. d4 exd4 4. Nxd4 Bc5 5. Nxc6 Qf6 6. Qd2 dxc6 7. Nc3 Be6
8. Na4 Rd8 9. Bd3 Bd4 10. c3 Bb6 11. Nxb6 axb6 12. Qe3 Qh4 13. Be2 Nf6 14. Qf4
Qxf4 15. Bxf4 Rd7 16. f3 O-O 17. g4 Ra8 18. O-O Kf8 19. Rfd1 Ke8 20. g5 Ng8 21.
Rxd7 Kxd7 22. Rd1+ Kc8 23. a3 Ne7 24. h4 Ra5 25. Bg3 f6 26. f4 f5 27. e5 Ra4
28. Bd3 Bb3 29. Rd2 b5 30. h5 Bf7 31. Bc2 Ra8 32. g6 hxg6 33. Bh4 Nd5 34. hxg6
Be6 35. Bg5 Kd7 36. Rh2 Ne3 37. Bd3 Bc4 38. Bb1 Ke6 39. Rh7 Rg8 40. Kh2 Nd1 41.
b4 Nxc3 42. Bc2 b6 43. Kg2 c5 44. Bh4 Bd5+ 45. Kf2 Be4 46. Bxe4 Nxe4+ 47. Ke3
cxb4 48. axb4 Nc3 49. Bg5 Nd5+ 50. Kd4 Nxb4 51. Kc3 Nd5+ 52. Kb2 c5 53. Rh1 c4
54. Ra1 Rh8 55. Ra7 Rh2+ 56. Kc1 b4 57. Rxg7 b3 58. Rh7 b2+ 0-1

[Event "35 Andorra Open"]
[Site "Escaldes"]
[Date "2017.07.23"]
[Round "2.4"]
[White "Romero Pallares, Daniel"]
[Black "Dvirnyy, Danyyil"]
[Result "0-1"]
[WhiteElo "2248"]
[BlackElo "2558"]
[PlyCount "56"]
[EventDate "2017.07.22"]
[EventType "swiss"]
[EventRounds "9"]
[EventCountry "AND"]

1. d4 Nf6 2. Nf3 g6 3. Bg5 Bg7 4. Nbd2 O-O 5. e4 d6 6. Bd3 c5 7. c3 cxd4 8.
cxd4 Nc6 9. O-O h6 10. Bh4 g5 11. Bg3 g4 12. d5 gxf3 13. dxc6 fxg2 14. Kxg2
bxc6 15. Qe2 Qa5 16. Rg1 Qh5 17. f3 Nd7 18. Nc4 Nc5 19. Rac1 f5 20. exf5 Nxd3
21. Qxd3 Bxf5 22. Qe3 Bh3+ 23. Kf2 Rf7 24. Nd2 Raf8 25. Rxc6 Bg4 26. f4 e5 27.
f5 Rxf5+ 28. Ke1 d5 0-1

[Event "35 Andorra Open"]
[Site "Escaldes"]
[Date "2017.07.23"]
[Round "2.5"]
[White "Baron, Tal"]
[Black "Srijit, Paul"]
[Result "1-0"]
[WhiteElo "2547"]
[BlackElo "2247"]
[PlyCount "83"]
[EventDate "2017.07.22"]
[EventType "swiss"]
[EventRounds "9"]
[EventCountry "AND"]

1. d4 f5 2. Bf4 Nf6 3. e3 d6 4. Nc3 e6 5. h3 h6 6. g4 g5 7. Bg3 Bg7 8. Qf3 fxg4
9. hxg4 Qe7 10. Bc4 Nc6 11. O-O-O Bd7 12. Qg2 O-O-O 13. f3 e5 14. Nge2 h5 15.
gxh5 exd4 16. exd4 Nxh5 17. Nd5 Qf8 18. Bf2 Ne7 19. Kb1 Nxd5 20. Bxd5 Nf4 21.
Nxf4 Qxf4 22. Rhg1 Rh2 23. Qf1 Qf5 24. Be4 Qa5 25. Bg3 Rd2 26. Rxd2 Qxd2 27. c3
a6 28. Qc4 Bb5 29. Qe6+ Kb8 30. Qe7 Rd7 31. Qe8+ Ka7 32. Qc8 Bd3+ 33. Ka1 Bxe4
34. Qxd7 Qe3 35. Bh2 Qf2 36. fxe4 Qxh2 37. Qg4 Bf6 38. a3 Qf2 39. Qg3 Qe2 40.
Qe1 Qc2 41. Rf1 Bd8 42. Rf8 1-0

[Event "35 Andorra Open"]
[Site "Escaldes"]
[Date "2017.07.23"]
[Round "2.6"]
[White "Santos Latasa, Jaime"]
[Black "Sanchez, Louis"]
[Result "1-0"]
[WhiteElo "2542"]
[BlackElo "2229"]
[PlyCount "77"]
[EventDate "2017.07.22"]
[EventType "swiss"]
[EventRounds "9"]
[EventCountry "AND"]

1. d4 d5 2. Nf3 e6 3. c4 Nd7 4. Bg5 Be7 5. Bxe7 Nxe7 6. Nc3 O-O 7. e3 dxc4 8.
Bxc4 c5 9. O-O a6 10. a4 cxd4 11. Nxd4 Nf6 12. Qb3 Qc7 13. Rac1 Bd7 14. Bd3 Nc6
15. Ne4 Nxe4 16. Bxe4 g6 17. Qc3 Rac8 18. Nb3 Rfd8 19. Nc5 a5 20. Bf3 Be8 21.
Ne4 Qe5 22. Nf6+ Kg7 23. Nxe8+ Rxe8 24. Qb3 Qc7 25. Rc5 Red8 26. Rfc1 Kg8 27.
h3 Rb8 28. Rb5 Rdc8 29. g3 Rd8 30. Kg2 Rdc8 31. h4 Rd8 32. h5 Rdc8 33. Rcc5 Rd8
34. Qc3 Qe7 35. Bxc6 bxc6 36. Rxc6 Rb7 37. h6 f6 38. e4 Rdd7 39. Qxa5 1-0

[Event "35 Andorra Open"]
[Site "Escaldes"]
[Date "2017.07.23"]
[Round "2.7"]
[White "Serra Pages, Jordi"]
[Black "Forcen Esteban, Daniel"]
[Result "0-1"]
[WhiteElo "2232"]
[BlackElo "2536"]
[PlyCount "122"]
[EventDate "2017.07.22"]
[EventType "swiss"]
[EventRounds "9"]
[EventCountry "AND"]

1. d4 d5 2. c4 e6 3. Nc3 c6 4. cxd5 exd5 5. Bf4 Qb6 6. Qd2 Nf6 7. a3 Be7 8. e3
Bf5 9. h3 Nbd7 10. Nf3 Ne4 11. Nxe4 Bxe4 12. Be2 a5 13. O-O a4 14. Ne5 Nxe5 15.
Bxe5 O-O 16. Rac1 Rfe8 17. Bg3 Bf8 18. Rc3 h6 19. Rfc1 Bg6 20. Kh1 Be7 21. Bd3
Bxd3 22. Rxd3 Ra5 23. Rc2 Rb5 24. Qe2 Bf8 25. Rdd2 Qd8 26. Qf3 Qg5 27. Bf4 Qg6
28. Qg3 Qe6 29. Qf3 Rb3 30. Qd1 Qf5 31. Rc1 g5 32. Bg3 Ra8 33. Qc2 Qxc2 34.
Rcxc2 Ra5 35. Kg1 Rab5 36. Be5 Be7 37. Bc7 Kf8 38. Kf1 Ke8 39. g4 Kd7 40. Be5
f6 41. Bb8 Bd8 42. Ba7 Ba5 43. Re2 b6 44. Bb8 c5 45. Bg3 Rd3 46. Rc1 c4 47. e4
Rxd4 48. e5 fxe5 49. Bxe5 Rd2 50. Rxd2 Bxd2 51. Rc2 Bf4 52. Bg7 Rb3 53. Kg2 b5
54. Re2 b4 55. axb4 Rxb4 56. Bxh6 d4 57. Re4 d3 58. Bf8 Rxb2 59. Rxc4 d2 60.
Rd4+ Ke6 61. Kf3 Rb1 0-1

[Event "35 Andorra Open"]
[Site "Escaldes"]
[Date "2017.07.23"]
[Round "2.8"]
[White "Kogan, Arthur"]
[Black "Cimer, Emanuel"]
[Result "1-0"]
[WhiteElo "2529"]
[BlackElo "2213"]
[PlyCount "63"]
[EventDate "2017.07.22"]
[EventType "swiss"]
[EventRounds "9"]
[EventCountry "AND"]

1. e4 c5 2. Nc3 Nc6 3. f4 g6 4. Nf3 Bg7 5. Bb5 Nd4 6. O-O e6 7. e5 a6 8. Bd3 d5
9. Nxd4 cxd4 10. Ne2 Ne7 11. b3 f6 12. exf6 Bxf6 13. Ba3 O-O 14. Qe1 Rf7 15.
Kh1 Nc6 16. Ng1 Qc7 17. Qg3 b5 18. Nf3 Bd7 19. Bc5 a5 20. a3 Qb8 21. h4 Kh8 22.
Ng5 Rg7 23. Rae1 Nd8 24. Qf2 h6 25. Nf3 Qxf4 26. Bxd4 Nc6 27. Bxf6 Qxf6 28.
Bxb5 Rf8 29. Qe3 d4 30. Qxh6+ Rh7 31. Qxh7+ Kxh7 32. Ng5+ 1-0

[Event "35 Andorra Open"]
[Site "Escaldes"]
[Date "2017.07.23"]
[Round "2.9"]
[White "Schindler, Christian"]
[Black "Del Rio De Angelis, Salvador G"]
[Result "0-1"]
[WhiteElo "2219"]
[BlackElo "2522"]
[PlyCount "60"]
[EventDate "2017.07.22"]
[EventType "swiss"]
[EventRounds "9"]
[EventCountry "AND"]

1. d4 d6 2. Nf3 Nd7 3. g3 Ngf6 4. Bg2 e5 5. dxe5 dxe5 6. O-O Bc5 7. c4 O-O 8.
Nc3 c6 9. Qc2 Qe7 10. b3 Re8 11. Ng5 h6 12. Nge4 Nxe4 13. Nxe4 Bd4 14. Rb1 f5
15. Nd2 e4 16. e3 Bf6 17. Bb2 Ne5 18. Rfd1 Be6 19. Bf1 Red8 20. Bxe5 Bxe5 21.
c5 g5 22. Bc4 Bd5 23. Bxd5+ Rxd5 24. Rbc1 Rad8 25. Kf1 Rd3 26. Qc4+ Kh8 27. Ke1
Bb2 28. Rc2 Ba3 29. Rc3 R3d5 30. Qe2 Bxc5 0-1

[Event "35 Andorra Open"]
[Site "Escaldes"]
[Date "2017.07.23"]
[Round "2.10"]
[White "Valsecchi, Alessio"]
[Black "Cortes Lizano, Jesus"]
[Result "1-0"]
[WhiteElo "2506"]
[BlackElo "2204"]
[PlyCount "47"]
[EventDate "2017.07.22"]
[EventType "swiss"]
[EventRounds "9"]
[EventCountry "AND"]

1. e4 Nf6 2. e5 Nd5 3. d4 d6 4. Nf3 Bg4 5. Be2 e6 6. h3 Bh5 7. O-O Be7 8. a4
O-O 9. a5 c5 10. exd6 Bxd6 11. dxc5 Bxc5 12. Ne5 Bxe2 13. Qxe2 Qc7 14. Nd3 Be7
15. Ra4 Na6 16. b3 Ndb4 17. Nxb4 Bxb4 18. Bb2 Be7 19. Na3 Rfd8 20. Rg4 Bf8 21.
Nc4 b5 22. axb6 axb6 23. Bf6 Rd5 24. Rxg7+ 1-0

[Event "35 Andorra Open"]
[Site "Escaldes"]
[Date "2017.07.23"]
[Round "2.11"]
[White "Fernandez Soriano, Ruben"]
[Black "Zoler, Dan"]
[Result "0-1"]
[WhiteElo "2199"]
[BlackElo "2499"]
[PlyCount "100"]
[EventDate "2017.07.22"]
[EventType "swiss"]
[EventRounds "9"]
[EventCountry "AND"]

1. d4 Nf6 2. Bg5 Ne4 3. Bf4 c5 4. f3 Nf6 5. d5 d6 6. e4 g6 7. Nc3 Bg7 8. Qd2 a6
9. a4 Nbd7 10. Nh3 Qa5 11. Nd1 Qc7 12. c4 O-O 13. Nhf2 Nh5 14. Be3 e5 15. g4
Nf4 16. Nd3 Rb8 17. Nc3 Re8 18. Nxf4 exf4 19. Bxf4 Ne5 20. Be2 Bd7 21. O-O Qb6
22. Kh1 Qb3 23. Rfc1 Qb6 24. Be3 Qd8 25. Rg1 Qe7 26. Rae1 Nxg4 27. Bg5 Nf2+ 28.
Kg2 f6 29. Bh4 Nh3 30. Rgf1 g5 31. Bg3 h5 32. Kh1 Qf8 33. Bd3 h4 34. Bf2 Nxf2+
35. Rxf2 Bh6 36. Qd1 Re5 37. Rg1 Kh8 38. Qf1 Rbe8 39. a5 Qe7 40. Ne2 f5 41. f4
Rxe4 42. fxg5 Bxg5 43. Rfg2 Rg4 44. h3 Rxg2 45. Qxg2 Qe3 46. Rd1 Ba4 47. b3
Bxb3 48. Rg1 Qxd3 49. Nf4 Qe4 50. Ng6+ Kg7 0-1

[Event "35 Andorra Open"]
[Site "Escaldes"]
[Date "2017.07.23"]
[Round "2.12"]
[White "Dan, Teodor"]
[Black "Riff, Jean-Noel"]
[Result "0-1"]
[WhiteElo "2191"]
[BlackElo "2493"]
[PlyCount "76"]
[EventDate "2017.07.22"]
[EventType "swiss"]
[EventRounds "9"]
[EventCountry "AND"]

1. d4 e6 2. c4 Bb4+ 3. Bd2 a5 4. Nc3 d6 5. e4 e5 6. a3 Bxc3 7. Bxc3 Qe7 8. Bd3
Nf6 9. f3 c5 10. d5 a4 11. Ne2 Nbd7 12. b4 axb3 13. Qxb3 Nh5 14. O-O O-O 15.
Bd2 g5 16. g3 f6 17. a4 Rf7 18. a5 Nf8 19. Nc3 Ng6 20. Na4 Bh3 21. Rf2 Ng7 22.
Bf1 Bxf1 23. Rfxf1 f5 24. Nc3 f4 25. g4 h5 26. h3 Ne8 27. Qb5 Ra6 28. Kf2 Nf6
29. Rh1 Rh7 30. Qb1 Nh4 31. Qd1 Qc7 32. Nb5 Qd7 33. Ra3 Rh6 34. Nc3 Qh7 35. Ra1
Ng6 36. Na4 hxg4 37. hxg4 Rh2+ 38. Rxh2 Qxh2+ 0-1

[Event "35 Andorra Open"]
[Site "Escaldes"]
[Date "2017.07.23"]
[Round "2.13"]
[White "Caspi, Israel"]
[Black "Lahav, Michal"]
[Result "1-0"]
[WhiteElo "2487"]
[BlackElo "2197"]
[PlyCount "105"]
[EventDate "2017.07.22"]
[EventType "swiss"]
[EventRounds "9"]
[EventCountry "AND"]

1. e4 e6 2. d4 d5 3. Nd2 c5 4. Ngf3 cxd4 5. Nxd4 Nc6 6. Bb5 Bd7 7. Nxc6 bxc6 8.
Bd3 Qc7 9. O-O Ne7 10. c4 d4 11. f4 e5 12. fxe5 Ng6 13. Nf3 Nxe5 14. Nxe5 Qxe5
15. Bf4 Qe7 16. c5 Qxc5 17. Rc1 Qe7 18. Bc4 Be6 19. Qa4 Qd7 20. Bxe6 fxe6 21.
Rxc6 Be7 22. Qc4 O-O 23. Rc7 Qe8 24. Qxe6+ Rf7 25. Bg5 Bf6 26. Qxf7+ Qxf7 27.
Rxf7 Kxf7 28. e5 Kg6 29. exf6 Kxg5 30. fxg7 Rg8 31. Rf7 a5 32. Kf2 Kg6 33. Rd7
Rb8 34. b3 h6 35. Ke2 Kh7 36. Kd3 a4 37. Kc2 axb3+ 38. axb3 Ra8 39. Rxd4 Ra2+
40. Kc3 Rxg2 41. Rd2 Rxg7 42. b4 Rc7+ 43. Kb3 Kg6 44. b5 Kg5 45. Kb4 Kh4 46. b6
Rc1 47. Rb2 Rc8 48. b7 Rf8 49. Kc5 Kh3 50. Kb6 h5 51. Ka7 h4 52. b8=Q Rxb8 53.
Kxb8 1-0

[Event "35 Andorra Open"]
[Site "Escaldes"]
[Date "2017.07.23"]
[Round "2.14"]
[White "Gomez Anadon, Daniel"]
[Black "Comas Fabrego, Lluis"]
[Result "0-1"]
[WhiteElo "2165"]
[BlackElo "2481"]
[PlyCount "64"]
[EventDate "2017.07.22"]
[EventType "swiss"]
[EventRounds "9"]
[EventCountry "AND"]

1. Nf3 Nf6 2. g3 g6 3. b3 Bg7 4. Bb2 d5 5. c4 c6 6. Bg2 O-O 7. O-O Bg4 8. d3
Bxf3 9. Bxf3 Nbd7 10. cxd5 cxd5 11. e4 dxe4 12. dxe4 Nc5 13. Qe2 Qd3 14. Re1
Qxe2 15. Rxe2 Nd3 16. Bc3 Rfd8 17. Na3 Rac8 18. Rc2 Rxc3 19. Rxc3 Ne8 20. Nb5
Bxc3 21. Nxc3 Rc8 22. Nd5 Rc2 23. Rd1 Nxf2 24. Nxe7+ Kf8 25. Rd7 Nh3+ 26. Kh1
Nf2+ 27. Kg1 Nh3+ 28. Kh1 Ng5 29. Bd1 Rc1 30. Kg2 Nf6 31. Rxb7 Rxd1 32. Rxa7
Rd2+ 0-1

[Event "35 Andorra Open"]
[Site "Escaldes"]
[Date "2017.07.23"]
[Round "2.15"]
[White "Suarez Gomez, Julio"]
[Black "Rodriguez Garcia, Manuel Fco"]
[Result "1-0"]
[WhiteElo "2474"]
[BlackElo "2191"]
[PlyCount "87"]
[EventDate "2017.07.22"]
[EventType "swiss"]
[EventRounds "9"]
[EventCountry "AND"]

1. d4 Nf6 2. Nf3 g6 3. g3 Bg7 4. Bg2 O-O 5. O-O d6 6. Nc3 Na6 7. e4 c5 8. h3
cxd4 9. Nxd4 Nc5 10. Re1 a6 11. Bg5 Ne6 12. Be3 Nxd4 13. Bxd4 Be6 14. a4 Nd7
15. Bxg7 Kxg7 16. Ne2 Rc8 17. Nd4 Qb6 18. b3 a5 19. Qd2 Ne5 20. Qe3 Kg8 21. c4
Nc6 22. Nxc6 Rxc6 23. e5 Qxe3 24. Rxe3 Rb6 25. exd6 exd6 26. Rd1 Rc8 27. g4 Rc5
28. f4 h5 29. Bf3 hxg4 30. hxg4 Kg7 31. Rd4 Kf6 32. Kf2 Kg7 33. Red3 d5 34.
cxd5 Bd7 35. Kg3 Rc1 36. d6 Rb1 37. Bd1 Rc1 38. Rd5 Rbc6 39. g5 Kf8 40. Bg4 Ke8
41. Re5+ Kd8 42. Bxd7 Kxd7 43. Re7+ Kd8 44. Rxf7 1-0

[Event "35 Andorra Open"]
[Site "Escaldes"]
[Date "2017.07.23"]
[Round "2.16"]
[White "Schaefer, Reyk"]
[Black "Pena Gomez, Manuel"]
[Result "0-1"]
[WhiteElo "2135"]
[BlackElo "2468"]
[PlyCount "62"]
[EventDate "2017.07.22"]
[EventType "swiss"]
[EventRounds "9"]
[EventCountry "AND"]

1. Nf3 Nf6 2. c4 e6 3. g3 c5 4. d4 cxd4 5. Nxd4 Nc6 6. Bg2 Qb6 7. Nc2 Be7 8.
Nc3 O-O 9. O-O Rd8 10. e4 d6 11. b3 a6 12. Be3 Qc7 13. Qe2 Rb8 14. Rac1 Qa5 15.
Nd4 Bd7 16. Rfd1 b5 17. cxb5 Nxd4 18. Bxd4 axb5 19. e5 dxe5 20. Bxe5 Rbc8 21.
Ne4 Nxe4 22. Bxe4 Be8 23. Rxc8 Rxc8 24. Bb1 Rd8 25. Rxd8 Qxd8 26. Qc2 g6 27.
Qd3 Qa5 28. Qe4 Bc5 29. Bf4 Qc3 30. h4 Bc6 31. Qe5 Qf3 0-1

[Event "35 Andorra Open"]
[Site "Escaldes"]
[Date "2017.07.23"]
[Round "2.17"]
[White "Llorente Zaro, Alfonso"]
[Black "Ajay, Karthikeyan"]
[Result "1-0"]
[WhiteElo "2464"]
[BlackElo "2187"]
[PlyCount "73"]
[EventDate "2017.07.22"]
[EventType "swiss"]
[EventRounds "9"]
[EventCountry "AND"]

1. c4 Nf6 2. g3 g6 3. Bg2 Bg7 4. Nc3 d6 5. Nf3 O-O 6. O-O c5 7. Rb1 Nc6 8. a3
a6 9. b4 cxb4 10. axb4 Bf5 11. d3 Ng4 12. Bd2 Rb8 13. h3 Nf6 14. b5 axb5 15.
Rxb5 Nd7 16. Qb1 Nc5 17. Nd5 Nd4 18. Nxd4 Bxd4 19. Ba5 Qe8 20. Bc7 Rc8 21. Bb6
e6 22. Ne3 Bxe3 23. fxe3 g5 24. Qb4 Qe7 25. e4 Na6 26. Qa3 Bg6 27. e5 Nc7 28.
Bxc7 Qxc7 29. exd6 Qd8 30. Bxb7 Rb8 31. c5 Rxb7 32. Rxb7 e5 33. c6 e4 34. c7
Qc8 35. Rb8 Qxh3 36. Rxf8+ Kxf8 37. c8=Q+ 1-0

[Event "35 Andorra Open"]
[Site "Escaldes"]
[Date "2017.07.23"]
[Round "2.18"]
[White "Palacios Herrero, Pablo"]
[Black "Aloma Vidal, Robert"]
[Result "1-0"]
[WhiteElo "2122"]
[BlackElo "2457"]
[PlyCount "59"]
[EventDate "2017.07.22"]
[EventType "swiss"]
[EventRounds "9"]
[EventCountry "AND"]

1. e4 c5 2. Nf3 a6 3. c3 d5 4. exd5 Qxd5 5. d4 e6 6. Bd3 Nf6 7. O-O cxd4 8.
cxd4 Nc6 9. Nc3 Qd6 10. a3 Be7 11. Re1 O-O 12. Bc2 Rd8 13. Be3 b5 14. Qd3 g6
15. Rad1 b4 16. Ne4 Nxe4 17. Qxe4 Bb7 18. Bf4 Qd7 19. Qe3 Rac8 20. Bb3 Bf8 21.
Ng5 Nxd4 22. Be5 Qc6 23. Qh3 Bh6 24. Nxf7 Nxb3 25. Nxd8 Qxg2+ 26. Qxg2 Bxg2 27.
Kxg2 Bd2 28. Re2 Rxd8 29. Bf4 bxa3 30. bxa3 1-0

[Event "35 Andorra Open"]
[Site "Escaldes"]
[Date "2017.07.23"]
[Round "2.19"]
[White "Cortes Jurado, Rafael"]
[Black "Kaspi, Alexander"]
[Result "0-1"]
[WhiteElo "2097"]
[BlackElo "2435"]
[PlyCount "58"]
[EventDate "2017.07.22"]
[EventType "swiss"]
[EventRounds "9"]
[EventCountry "AND"]

1. d4 d5 2. c4 e6 3. Nc3 c6 4. Nf3 Nf6 5. Bg5 h6 6. Bh4 dxc4 7. a4 Bb4 8. e3 b5
9. Be2 Bb7 10. O-O a6 11. Ne5 Nbd7 12. f4 Qc7 13. Qc2 O-O 14. Bf3 Rab8 15. g4
c5 16. Qg2 cxd4 17. exd4 Bxc3 18. bxc3 Nxe5 19. fxe5 Nh7 20. g5 hxg5 21. Bxg5
Nxg5 22. Qxg5 Qd8 23. Qg4 f5 24. Qg6 Qe8 25. Qg5 Bxf3 26. Rxf3 b4 27. cxb4 Rxb4
28. Rg3 Qd7 29. Qh4 f4 0-1

[Event "35 Andorra Open"]
[Site "Escaldes"]
[Date "2017.07.23"]
[Round "2.20"]
[White "Hansen, Torbjorn Ringdal"]
[Black "Paquico Rodriguez, Ivan"]
[Result "1-0"]
[WhiteElo "2429"]
[BlackElo "2156"]
[PlyCount "53"]
[EventDate "2017.07.22"]
[EventType "swiss"]
[EventRounds "9"]
[EventCountry "AND"]

1. e4 g6 2. d4 Bg7 3. Nc3 d6 4. Be3 a6 5. h4 h5 6. Qd2 b5 7. Nf3 Bb7 8. Bd3 Nd7
9. a4 b4 10. Ne2 c5 11. Ng5 e6 12. c3 bxc3 13. bxc3 Qa5 14. Rb1 Bc6 15. d5 exd5
16. exd5 Bxd5 17. Be4 Bxe4 18. Nxe4 Ngf6 19. Nxd6+ Ke7 20. Rb7 c4 21. Bg5 Qxa4
22. O-O Rhb8 23. Qd5 Rxb7 24. Nd4 Rb6 25. Re1+ Ne5 26. Rxe5+ Kd7 27. Qxf7+ 1-0

[Event "35 Andorra Open"]
[Site "Escaldes"]
[Date "2017.07.23"]
[Round "2.21"]
[White "Picart, Laurent"]
[Black "Zanan, Evgeny"]
[Result "0-1"]
[WhiteElo "2069"]
[BlackElo "2428"]
[PlyCount "62"]
[EventDate "2017.07.22"]
[EventType "swiss"]
[EventRounds "9"]
[EventCountry "AND"]

1. d4 g6 2. Nf3 Bg7 3. c4 f5 4. g3 Nf6 5. Bg2 O-O 6. O-O d6 7. Nc3 Qe8 8. d5 a5
9. Nd4 Na6 10. e4 fxe4 11. Nxe4 Nxe4 12. Bxe4 Nc5 13. Bg2 Bd7 14. Be3 Kh8 15.
Qd2 Qf7 16. Rae1 Qf6 17. b3 b6 18. Ne6 Bxe6 19. dxe6 Rab8 20. Bxc5 dxc5 21. Bc6
Rbd8 22. Bd7 Qf5 23. Qe2 Qh3 24. Rd1 Rf5 25. f4 Rdf8 26. Qg2 Bd4+ 27. Kh1 Qh6
28. Bc6 R5f6 29. Qd5 Qh3 30. Rde1 g5 31. Qxg5 Rh6 0-1

[Event "35 Andorra Open"]
[Site "Escaldes"]
[Date "2017.07.23"]
[Round "2.22"]
[White "Bergsson, Stefan"]
[Black "Llaneza Vega, Marcos"]
[Result "0-1"]
[WhiteElo "2060"]
[BlackElo "2416"]
[PlyCount "70"]
[EventDate "2017.07.22"]
[EventType "swiss"]
[EventRounds "9"]
[EventCountry "AND"]

1. c4 Nf6 2. Nc3 e5 3. g3 Nc6 4. Bg2 g6 5. e3 Bg7 6. Nge2 O-O 7. d3 d6 8. O-O
Bg4 9. h3 Be6 10. e4 Nd7 11. f4 f5 12. Be3 Nd4 13. Qd2 c6 14. Rae1 Kh8 15. b3
Qa5 16. Bxd4 exd4 17. Nb1 Qb6 18. exf5 gxf5 19. Kh2 Rae8 20. Ng1 Bf7 21. Nf3
Bf6 22. g4 d5 23. g5 Bg7 24. cxd5 Bxd5 25. Na3 Nc5 26. Nh4 Qa6 27. Nc4 Bxc4 28.
dxc4 Ne4 29. Qe2 d3 30. Qxd3 Rd8 31. Qe3 Bd4 32. Qe2 Nd2 33. Rh1 c5 34. Bd5
Qxa2 35. Rd1 Nf1+ 0-1

[Event "35 Andorra Open"]
[Site "Escaldes"]
[Date "2017.07.23"]
[Round "2.23"]
[White "Farran Martos, Francesc X"]
[Black "Rohith, Krishna S"]
[Result "1-0"]
[WhiteElo "2412"]
[BlackElo "2137"]
[PlyCount "87"]
[EventDate "2017.07.22"]
[EventType "swiss"]
[EventRounds "9"]
[EventCountry "AND"]

1. e4 e5 2. Nf3 Nc6 3. Bc4 Bc5 4. Nc3 Nf6 5. d3 h6 6. Be3 Bb6 7. Nd5 d6 8. Qd2
Be6 9. O-O-O Na5 10. Nxf6+ Qxf6 11. Bxe6 Qxe6 12. Kb1 c5 13. Nh4 O-O-O 14. g4
f6 15. c4 Nc6 16. Nf5 Rd7 17. h4 Ba5 18. Qe2 Bd8 19. g5 hxg5 20. hxg5 Rxh1 21.
Rxh1 g6 22. Ng3 fxg5 23. Rh8 Kc7 24. Qe1 b6 25. Ne2 Nd4 26. Nc3 Qg4 27. Nd5+
Kb7 28. Bxd4 cxd4 29. Rf8 Qh3 30. Qd1 g4 31. a3 Bc7 32. Ka2 Rg7 33. Nb4 a5 34.
Qa4 Bb8 35. Qc6+ Ka7 36. Qe8 axb4 37. Qxb8+ Ka6 38. axb4 Qxd3 39. Qc8+ Rb7 40.
Qa8+ Ra7 41. Qc8+ Rb7 42. Qc6 Qc2 43. Ra8+ Ra7 44. Qc8# 1-0

[Event "35 Andorra Open"]
[Site "Escaldes"]
[Date "2017.07.23"]
[Round "2.24"]
[White "Correas Gonzalez, Jose Ramon"]
[Black "Jerez Perez, Alfonso"]
[Result "0-1"]
[WhiteElo "2018"]
[BlackElo "2405"]
[PlyCount "36"]
[EventDate "2017.07.22"]
[EventType "swiss"]
[EventRounds "9"]
[EventCountry "AND"]

1. e4 c5 2. Nf3 d6 3. d4 cxd4 4. Nxd4 Nf6 5. Nc3 Nc6 6. Bc4 e6 7. Bb3 Be7 8.
Be3 O-O 9. Qe2 d5 10. exd5 exd5 11. O-O-O Bb4 12. Nxc6 bxc6 13. Bd4 Be6 14. Na4
Nd7 15. c3 Bd6 16. Qa6 Qc7 17. Be3 Rfb8 18. h4 Rb5 0-1

[Event "35 Andorra Open"]
[Site "Escaldes"]
[Date "2017.07.23"]
[Round "2.25"]
[White "Ben Artzi, Ido"]
[Black "Vignesh, B."]
[Result "1/2-1/2"]
[WhiteElo "2380"]
[BlackElo "2124"]
[PlyCount "42"]
[EventDate "2017.07.22"]
[EventType "swiss"]
[EventRounds "9"]
[EventCountry "AND"]

1. e4 e6 2. d4 d5 3. Nc3 Nf6 4. e5 Nfd7 5. f4 c5 6. Nf3 Nc6 7. Be3 a6 8. Qd2 b5
9. dxc5 Bxc5 10. Bd3 Qb6 11. Bf2 f6 12. O-O O-O 13. Rae1 Kh8 14. exf6 Nxf6 15.
Bxc5 Qxc5+ 16. Kh1 Bd7 17. Ne2 Ng4 18. Neg1 e5 19. fxe5 Rae8 20. Nh3 Ncxe5 21.
Nxe5 Nxe5 1/2-1/2

[Event "35 Andorra Open"]
[Site "Escaldes"]
[Date "2017.07.24"]
[Round "3.1"]
[White "Edouard, Romain"]
[Black "Llorente Zaro, Alfonso"]
[Result "1-0"]
[WhiteElo "2622"]
[BlackElo "2464"]
[PlyCount "127"]
[EventDate "2017.07.22"]
[EventType "swiss"]
[EventRounds "9"]
[EventCountry "AND"]

1. d4 Nf6 2. c4 e6 3. Nc3 Bb4 4. e3 b6 5. Bd3 Bb7 6. Nf3 O-O 7. O-O d5 8. cxd5
exd5 9. a3 Bd6 10. b4 a6 11. Rb1 Qe7 12. Qb3 Nbd7 13. a4 Rfe8 14. h3 Ne4 15.
Nxd5 Bxd5 16. Qxd5 Nc3 17. Qb3 Nxb1 18. Qxb1 g6 19. b5 axb5 20. Bxb5 Rec8 21.
Bc6 Ra5 22. Bd2 Rf5 23. e4 Rxf3 24. gxf3 Rd8 25. Qb5 Nf8 26. Bg5 f6 27. Be3 Ne6
28. Bd5 Kh8 29. Bxe6 Qxe6 30. Kg2 Ra8 31. Qc6 Qe8 32. Qxe8+ Rxe8 33. Rc1 g5 34.
h4 h6 35. Kh3 Kg7 36. Kg4 Ra8 37. Rc4 Ra5 38. hxg5 hxg5 39. f4 gxf4 40. Bxf4
f5+ 41. exf5 Kf6 42. Rc6 Rxa4 43. Bxd6 cxd6 44. Rxd6+ Ke7 45. Rd5 Ra2 46. f3
Rd2 47. Kg5 Rg2+ 48. Kf4 Rd2 49. Re5+ Kf7 50. Ke4 Rb2 51. Re6 Re2+ 52. Kd5 Rf2
53. Rxb6 Rxf3 54. Ke5 Re3+ 55. Kd6 Rd3 56. d5 Kf6 57. Rb1 Ra3 58. Re1 Rc3 59.
Kd7 Kf7 60. d6 Rc2 61. Kd8 Rc5 62. d7 Rc2 63. Ra1 Rc5 64. Ra8 1-0

[Event "35 Andorra Open"]
[Site "Escaldes"]
[Date "2017.07.24"]
[Round "3.2"]
[White "Kaspi, Alexander"]
[Black "Landa, Konstantin"]
[Result "1/2-1/2"]
[WhiteElo "2435"]
[BlackElo "2617"]
[PlyCount "69"]
[EventDate "2017.07.22"]
[EventType "swiss"]
[EventRounds "9"]
[EventCountry "AND"]

1. c4 e6 2. Nc3 c5 3. e4 Nc6 4. g3 g6 5. Bg2 Bg7 6. Nge2 Nge7 7. a3 O-O 8. O-O
Nd4 9. d3 Nec6 10. Rb1 a5 11. a4 d6 12. h3 e5 13. Kh2 Be6 14. Nb5 Nxe2 15. Qxe2
Qd7 16. Bd2 Rae8 17. b3 f5 18. f4 b6 19. Rbe1 exf4 20. Bxf4 Nd4 21. Nxd4 Bxd4
22. Qd2 Bg7 23. exf5 Bxf5 24. Rxe8 Rxe8 25. g4 Be6 26. Re1 Bf7 27. Rxe8+ Qxe8
28. Bxd6 Be5+ 29. Bxe5 Qxe5+ 30. Kg1 Qd4+ 31. Kf1 Qf6+ 32. Ke2 Qe5+ 33. Kf1
Qf6+ 34. Ke2 Qe5+ 35. Kf1 1/2-1/2

[Event "35 Andorra Open"]
[Site "Escaldes"]
[Date "2017.07.24"]
[Round "3.3"]
[White "Gozzoli, Yannick"]
[Black "Hansen, Torbjorn Ringdal"]
[Result "1/2-1/2"]
[WhiteElo "2594"]
[BlackElo "2429"]
[PlyCount "78"]
[EventDate "2017.07.22"]
[EventType "swiss"]
[EventRounds "9"]
[EventCountry "AND"]

1. d4 Nf6 2. c4 e6 3. Nf3 d5 4. Nc3 Bb4 5. cxd5 exd5 6. Bg5 h6 7. Bxf6 Qxf6 8.
Qa4+ Nc6 9. e3 O-O 10. Be2 Rd8 11. O-O Bf5 12. Rfc1 Qd6 13. Nb5 Qe7 14. a3 Bd6
15. Rc3 a6 16. Nxd6 Qxd6 17. Rac1 Rdc8 18. b4 Ne7 19. Ne5 c6 20. Qa5 Ng6 21.
Nxg6 fxg6 22. Qb6 Rc7 23. Bd3 Bxd3 24. Rxd3 Rf7 25. Qc5 Qf6 26. Rd2 g5 27. Qc2
Re8 28. a4 g4 29. b5 axb5 30. axb5 cxb5 31. Qb1 Qg5 32. Rdc2 Ref8 33. Qxb5 h5
34. Qe2 h4 35. Rc8 g3 36. Rxf8+ Rxf8 37. hxg3 hxg3 38. fxg3 Qxg3 39. Rb1 Rf7
1/2-1/2